| 000 | 00633nam a2200217Ia 4500 | ||
|---|---|---|---|
| 005 | 20250923145107.0 | ||
| 008 | 008 250917s9999 xx 000 0 eng d | ||
| 037 | _aTextual | ||
| 040 |
_aDSWL _beng _cDSWL |
||
| 041 |
_aeng _2eng |
||
| 084 |
_aYX,A;5-P.792, N67 _qDSWL |
||
| 100 |
_aJacobs, L. _9831731 |
||
| 245 | 0 |
_aFamily and family planning in the West Indies _cby L. Jacobs |
|
| 260 |
_aLondon _bGeorge Allen & Unwin Ltd _c1967 |
||
| 300 | _ax,86 p. | ||
| 365 |
_aINR _b10.6 |
||
| 700 |
_aB. Jacobs _9831732 |
||
| 925 | _g10.6 | ||
| 942 |
_cTEXL _hYX,A;5-P.792, N67 |
||
| 999 |
_c1447002 _d1447002 |
||